000
00272nam a2200097Ia 4500
001
642490
005
20250826153527.0
008
250824s9999 xx 000 0 und d
245
0
_a
KELİLE VE DİMNE ANTİK OKUL KLASİKLERİ
_c
BEYDEBA
260
_b
ANTİK DÜNYA KLASİKLERİ
999
_c
642490
_d
642490